000 00291 a2200145 4500
001 155934
040 _cEscola São Tomás de Aquino
100 _aRIOS, Eloci Peres
240 1 0 _aÁgua
_lpor
245 1 0 _aÁgua
300 _a47
362 0 _a2004
697 _aCIÊNCIAS
942 _cBK
999 _c155934
_d155934